000 00509nam a2200157 a 4500
008 120416s1983 ||||||||||||||||| || u
050 _aK 28.D3 Bel
100 _aBellord, Nicolas
245 1 0 _aComputers for lawyers
260 _aLondon
_bBrowne
_c1983
300 _a160p. : ill
350 _a0.00
650 _aLAW
650 _aLAWYERS--COMPUTERS
995 _D0.00
_FCBU-MAIN LIBRARY (Kitwe)
_H1
_I0.00
_M1
_UAVAILABLE
_ZAnnex Low-Usage Collection
999 _c38293
_d38293